000 00423nam a2200181Ia 4500
001 4042
005 20260306145727.0
008 260306t2013||||xx |||||||||||||| ||spa||
041 _aESP
082 _a306.85
_bD18
100 _aDal Toso, Paola
_eAUT
245 0 _aEl papa francisco y las familias
260 _c2013
300 _a124 páginas :
_c21 cm.
650 _aGEN
654 _aCED
942 _cLIB
_dJUS
_fJUS
_2ddc
_n
999 _c4042
_d4042